[Event "Schachfestival Basel"]
[Site "Basel"]
[Date "2018.01.05"]
[Round "5.19"]
[White "Zennaf, Karim"]
[Black "Petermann, Michail"]
[Result "0-1"]
[WhiteElo "2013"]
[BlackElo "2251"]
[PlyCount "132"]
[EventDate "2018.01.??"]
[EventType "swiss"]
[EventRounds "9"]
[EventCountry "SUI"]
[SourceDate "2018.01.02"]

1. d4 f5 2. c4 Nf6 3. Nf3 g6 4. g3 Bg7 5. Bg2 O-O 6. O-O d6 7. Nc3 c6 8. d5 e5
9. dxe6 Bxe6 10. Nd2 Na6 11. a3 Re8 12. Qc2 Rc8 13. b3 d5 14. e3 Ne4 15. Ndxe4
dxe4 16. Rd1 Qe7 17. Bb2 Nc5 18. Bf1 Nd7 19. Ne2 Ne5 20. Nd4 c5 21. Nxe6 Nf3+
22. Kg2 Bxb2 23. Qxb2 Qxe6 24. Rd5 Ne5 25. Rad1 Qe7 26. b4 b6 27. bxc5 Rxc5 28.
Rxc5 bxc5 29. Rd5 Qc7 30. Qb5 Rc8 31. Be2 Kf8 32. Bd1 Nd3 33. Rd7 Qb6 34. Rxh7
Qxb5 35. cxb5 Rd8 36. Rh8+ Ke7 37. Rxd8 Kxd8 38. g4 fxg4 39. a4 c4 40. Kg3 Ke7
41. Bc2 Kd6 42. Kxg4 Kc5 43. Kg5 Kb4 44. a5 Kxa5 45. Kxg6 Kb4 46. h4 Kc3 47. h5
Kxc2 48. h6 Kd2 49. h7 c3 50. h8=Q c2 51. Qa8 c1=Q 52. Qxa7 Qg1+ 53. Kh6 Nxf2
54. Qd4+ Ke2 55. b6 Ng4+ 56. Kh7 Qb1 57. Kg6 Nxe3 58. Kf7 Qb3+ 59. Ke8 Qg8+ 60.
Kd7 Qf7+ 61. Kc8 Qe6+ 62. Kd8 Nd5 63. Qb2+ Kf3 64. Qa3+ e3 65. b7 Qb6+ 66. Ke8
Qxb7 0-1

[Event "Schachfestival Basel"]
[Site "Basel"]
[Date "2018.01.05"]
[Round "5.20"]
[White "Ananya, Rishi Gupta"]
[Black "Schaefer, Reyk"]
[Result "0-1"]
[WhiteElo "1945"]
[BlackElo "2162"]
[PlyCount "150"]
[EventDate "2018.01.??"]
[EventType "swiss"]
[EventRounds "9"]
[EventCountry "SUI"]
[SourceDate "2018.01.02"]

1. e4 c6 2. d4 d5 3. exd5 cxd5 4. Bd3 Nc6 5. c3 Qc7 6. h3 Nf6 7. Nf3 g6 8. Bg5
Bg7 9. Nbd2 Bf5 10. Qe2 Bxd3 11. Qxd3 O-O 12. O-O a6 13. Rfe1 Nh5 14. Qe3 b5
15. Rac1 e6 16. Bh6 Rfc8 17. Nb3 Qd6 18. Bxg7 Kxg7 19. Nh2 a5 20. Re2 Rab8 21.
Rec2 Qf4 22. Qe2 Nf6 23. Nc5 b4 24. Nf3 bxc3 25. Rxc3 Qd6 26. Qa6 Ra8 27. Qb6
Rab8 28. Qa6 Ra8 29. Qb6 Rcb8 30. Nxe6+ Qxe6 31. Qxc6 Qxc6 32. Rxc6 Rxb2 33.
R6c2 Rab8 34. Ne5 Ne4 35. f3 Nd6 36. Nc6 Rxc2 37. Rxc2 Rc8 38. Kf2 Kf6 39. Ke2
Nc4 40. Na7 Re8+ 41. Kf2 Rb8 42. Re2 Rb1 43. Nc6 Rd1 44. Kg3 a4 45. Kf2 a3 46.
Rc2 g5 47. Re2 h5 48. Kg3 h4+ 49. Kg4 Rd3 50. f4 Rg3+ 51. Kh5 gxf4 52. Rf2 Kf5
53. Ne7+ Ke4 54. Re2+ Ne3 55. Kxh4 Kd3 56. Rf2 Nxg2+ 57. Kh5 Ke4 58. h4 f3 59.
Rf1 Nf4+ 60. Kh6 Nd3 61. Nc8 f2 62. Nd6+ Kf3 63. Nxf7 Ke2 64. Rxf2+ Nxf2 65.
Nd6 Ne4 66. Nb5 Kd2 67. Nc7 Nc3 68. h5 Nxa2 69. Nb5 Nb4 70. Nxa3 Rxa3 71. Kg6
Rh3 72. h6 Kd3 73. h7 Kxd4 74. Kg7 Rxh7+ 75. Kxh7 Ke3 0-1

[Event "Schachfestival Basel"]
[Site "Basel"]
[Date "2018.01.05"]
[Round "5.21"]
[White "Schweizer, Simon"]
[Black "Bhend, Edwin"]
[Result "1-0"]
[WhiteElo "2159"]
[BlackElo "2123"]
[PlyCount "85"]
[EventDate "2018.01.??"]
[EventType "swiss"]
[EventRounds "9"]
[EventCountry "SUI"]
[SourceDate "2018.01.02"]

1. Nf3 d5 2. c4 e6 3. g3 Nf6 4. Bg2 Be7 5. O-O O-O 6. d4 Ne4 7. Qc2 c6 8. b3 f5
9. e3 Bd7 10. Ne5 Be8 11. f3 Nd6 12. c5 Nf7 13. Nd3 Na6 14. Bb2 Nc7 15. Nd2 Bf6
16. f4 Nh6 17. Nf3 Bh5 18. Nfe5 Ng4 19. Rfe1 Nxe5 20. dxe5 Be7 21. a4 a5 22.
Bd4 Na6 23. Qc3 Qc7 24. Kf2 Be8 25. Rec1 Bd7 26. Rc2 h6 27. Bf3 Bd8 28. Rg1 Be8
29. Kf1 Bg6 30. Qd2 Qf7 31. h3 Rb8 32. Qd1 h5 33. Be2 Nc7 34. Ne1 Ne8 35. Nf3
Bh7 36. Bd3 Qd7 37. Rcg2 g6 38. g4 Ng7 39. gxh5 Nxh5 40. Ng5 Bxg5 41. Rxg5 Ng7
42. Qe1 Qf7 43. Qxa5 1-0

[Event "Schachfestival Basel"]
[Site "Basel"]
[Date "2018.01.05"]
[Round "5.22"]
[White "Beck, Michael"]
[Black "Faldum, Manfred"]
[Result "1/2-1/2"]
[WhiteElo "2084"]
[BlackElo "2065"]
[PlyCount "29"]
[EventDate "2018.01.??"]
[EventType "swiss"]
[EventRounds "9"]
[EventCountry "SUI"]
[SourceDate "2018.01.02"]

1. e4 e6 2. d4 d5 3. exd5 exd5 4. Nf3 Bd6 5. Nc3 c6 6. Bd3 Nf6 7. O-O O-O 8.
Re1 Bg4 9. h3 Bh5 10. Bg5 Nbd7 11. Bh4 Qc7 12. Bf5 Rfe8 13. Qd3 Bg6 14. Bxf6
Nxf6 15. Bxg6 1/2-1/2

[Event "Schachfestival Basel"]
[Site "Basel"]
[Date "2018.01.05"]
[Round "5.23"]
[White "Terraz, Christian"]
[Black "Weber, Dominik"]
[Result "1-0"]
[WhiteElo "2075"]
[BlackElo "2043"]
[PlyCount "81"]
[EventDate "2018.01.??"]
[EventType "swiss"]
[EventRounds "9"]
[EventCountry "SUI"]
[SourceDate "2018.01.02"]

1. d4 c6 2. Nf3 d5 3. e3 Nf6 4. Bd3 Bg4 5. Nbd2 Nbd7 6. c3 Qc7 7. Qb3 e6 8. h3
Bh5 9. Nh4 e5 10. g4 Bg6 11. Nxg6 hxg6 12. Be2 e4 13. c4 Be7 14. cxd5 cxd5 15.
g5 Nh7 16. Qxd5 O-O-O 17. Qxe4 Bxg5 18. Nb3 f5 19. Qg2 Kb8 20. Bd2 Rc8 21. Bf3
f4 22. e4 Qc2 23. O-O Nb6 24. e5 Nc4 25. Rfc1 Qf5 26. Bb4 Qf7 27. Bd5 Ne3 28.
Bd6+ Ka8 29. Bxf7 Rxc1+ 30. Nxc1 Nxg2 31. Kxg2 f3+ 32. Kxf3 Bxc1 33. Rxc1 Ng5+
34. Kg4 Nxf7 35. Ba3 b6 36. e6 Nh6+ 37. Kf4 Nf5 38. d5 Nd4 39. Rc7 Rd8 40. e7
Re8 41. Rd7 1-0

[Event "Schachfestival Basel"]
[Site "Basel"]
[Date "2018.01.05"]
[Round "5.24"]
[White "Jud, Marc"]
[Black "Nyffenegger, Michael"]
[Result "1/2-1/2"]
[WhiteElo "2022"]
[BlackElo "2035"]
[PlyCount "31"]
[EventDate "2018.01.??"]
[EventType "swiss"]
[EventRounds "9"]
[EventCountry "SUI"]
[SourceDate "2018.01.02"]

1. d4 Nf6 2. Nf3 e6 3. g3 d5 4. Bg2 Be7 5. O-O O-O 6. b3 b6 7. Bb2 Bb7 8. Ne5
c6 9. Nd2 Nbd7 10. Nxd7 Nxd7 11. c4 Rc8 12. Rc1 f5 13. f4 Nf6 14. e3 Ne4 15.
Nxe4 dxe4 16. Qe2 1/2-1/2

[Event "Schachfestival Basel"]
[Site "Basel"]
[Date "2018.01.05"]
[Round "5.25"]
[White "Wirz, Heinz"]
[Black "Sadeghi, Hassan Roger"]
[Result "0-1"]
[WhiteElo "2103"]
[BlackElo "2089"]
[PlyCount "42"]
[EventDate "2018.01.??"]
[EventType "swiss"]
[EventRounds "9"]
[EventCountry "SUI"]
[SourceDate "2018.01.02"]

1. d4 d5 2. Nf3 c5 3. b3 cxd4 4. Bb2 Nf6 5. Nxd4 e5 6. Nf3 d4 7. Nbd2 Nc6 8. g3
e4 9. Ng5 Qa5 10. Nxf7 Kxf7 11. e3 dxe3 12. fxe3 Bb4 13. Bc4+ Be6 14. Bxf6
Bxd2+ 15. Qxd2 Qxd2+ 16. Kxd2 gxf6 17. Be2 Rhd8+ 18. Ke1 Nb4 19. Bd1 Rac8 20.
c4 Nd3+ 21. Ke2 Ne5 0-1

[Event "Schachfestival Basel"]
[Site "Basel"]
[Date "2018.01.05"]
[Round "6.1"]
[White "Harff, Marcel"]
[Black "Milov, Vadim"]
[Result "1/2-1/2"]
[WhiteElo "2375"]
[BlackElo "2589"]
[PlyCount "84"]
[EventDate "2018.01.??"]
[EventType "swiss"]
[EventRounds "9"]
[EventCountry "SUI"]
[SourceDate "2018.01.02"]

1. Nf3 Nf6 2. d4 g6 3. Bf4 Bg7 4. Nc3 d5 5. h3 O-O 6. e3 c5 7. Be2 Nc6 8. O-O
cxd4 9. Nxd4 Re8 10. Nxc6 bxc6 11. Be5 Nh5 12. Bxg7 Nxg7 13. Na4 e5 14. Qd2 Qg5
15. Kh2 Ne6 16. c4 d4 17. Rad1 Qh4 18. g3 Qf6 19. f4 Bb7 20. Qa5 exf4 21. exf4
Ng7 22. Bd3 Re3 23. Nc5 Nh5 24. Nxb7 Rxg3 25. Qxh5 gxh5 26. Kxg3 Kh8 27. Nc5
Re8 28. Rde1 h4+ 29. Kf3 Rg8 30. Rg1 Rxg1 31. Rxg1 Qe7 32. Ne4 f5 33. Nf2 Qe3+
34. Kg2 Qg3+ 35. Kf1 Qxf4 36. b4 Qe3 37. a4 f4 38. Rg4 f3 39. Re4 Qc1+ 40. Re1
Qg5 41. Re8+ Kg7 42. b5 Qc1+ 1/2-1/2

[Event "Schachfestival Basel"]
[Site "Basel"]
[Date "2018.01.05"]
[Round "6.2"]
[White "Kerigan, Demre"]
[Black "Heimann, Andreas"]
[Result "0-1"]
[WhiteElo "2340"]
[BlackElo "2576"]
[PlyCount "110"]
[EventDate "2018.01.??"]
[EventType "swiss"]
[EventRounds "9"]
[EventCountry "SUI"]
[SourceDate "2018.01.02"]

1. e4 c5 2. Nc3 d6 3. f4 g6 4. Nf3 Bg7 5. Bb5+ Bd7 6. Bc4 Nc6 7. O-O Na5 8. Be2
Nf6 9. d3 O-O 10. Qe1 Nc6 11. Qh4 Nd4 12. Bd1 e6 13. e5 Ne8 14. Qxd8 Rxd8 15.
Ne4 Bc6 16. Be3 Nxf3+ 17. Bxf3 b6 18. Nd2 Bxf3 19. Nxf3 Nc7 20. Rae1 Nd5 21.
Bd2 Ne7 22. Bc3 Nd5 23. Bd2 Ne7 24. Bc3 Nc6 25. exd6 Rxd6 26. Bxg7 Kxg7 27. a3
Rc8 28. Rf2 b5 29. a4 a6 30. axb5 axb5 31. Ra1 Rd7 32. Rd2 Rb7 33. Rdd1 Nd4 34.
Nxd4 cxd4 35. Rd2 Rbc7 36. Rc1 b4 37. Kf1 b3 38. Ke1 Kf6 39. Re2 Kf5 40. Kd1
Kxf4 41. Re4+ Kf5 42. g4+ Kg5 43. Rxd4 Rxc2 44. Rc4 R8xc4 45. dxc4 Rxh2 46. c5
Rh1+ 47. Kd2 Rxc1 48. Kxc1 Kf6 49. g5+ Ke5 50. c6 Kd6 51. Kd2 Kxc6 52. Kc3 Kd7
53. Kxb3 f6 54. gxf6 h5 55. Kc4 h4 0-1

[Event "Schachfestival Basel"]
[Site "Basel"]
[Date "2018.01.05"]
[Round "6.3"]
[White "Chatalbashev, Boris"]
[Black "Faibisovich, Vadim Z"]
[Result "1/2-1/2"]
[WhiteElo "2570"]
[BlackElo "2325"]
[PlyCount "53"]
[EventDate "2018.01.??"]
[EventType "swiss"]
[EventRounds "9"]
[EventCountry "SUI"]
[SourceDate "2018.01.02"]

1. c4 e5 2. g3 Nf6 3. Bg2 d5 4. cxd5 Nxd5 5. Nc3 Nb6 6. Nf3 Nc6 7. O-O Be7 8.
a3 O-O 9. b4 a6 10. d3 Re8 11. Bb2 Bf8 12. Ne4 a5 13. b5 Nd4 14. Nxd4 exd4 15.
Rc1 a4 16. Qd2 Re5 17. e3 dxe3 18. fxe3 Rxb5 19. Rf2 Be6 20. h4 h6 21. Bd4 Nd5
22. Nc5 Bxc5 23. Bxc5 Rb3 24. Bd4 Qd6 25. Kh2 Rd8 26. Qc2 b6 27. Bxd5 1/2-1/2

[Event "Schachfestival Basel"]
[Site "Basel"]
[Date "2018.01.05"]
[Round "6.4"]
[White "Akshat, Kamparia"]
[Black "Meijers, Viesturs"]
[Result "1-0"]
[WhiteElo "2381"]
[BlackElo "2477"]
[PlyCount "81"]
[EventDate "2018.01.??"]
[EventType "swiss"]
[EventRounds "9"]
[EventCountry "SUI"]
[SourceDate "2018.01.02"]

1. d4 d5 2. c4 e6 3. Nc3 Nf6 4. cxd5 exd5 5. Bg5 Be7 6. e3 Nbd7 7. Bd3 O-O 8.
Nf3 b6 9. O-O Bb7 10. Rc1 a6 11. Bf5 g6 12. Bh3 Re8 13. b4 Nf8 14. Qb3 Kg7 15.
Ne5 Ne6 16. f4 Ng8 17. Bxe6 fxe6 18. Bxe7 Rxe7 19. Nb1 Qd6 20. Nd2 Rc8 21. a4
c6 22. a5 Rb8 23. axb6 Ba8 24. Rc5 Rxb6 25. Rfc1 Re8 26. Qa4 Ne7 27. g4 Reb8
28. Nd3 Bb7 29. Nf3 Bc8 30. Nfe5 Bd7 31. Ra5 Bc8 32. Rac5 Bd7 33. Ra5 Bc8 34.
Rcc5 Bb7 35. Rc2 Ng8 36. Nc5 Ne7 37. Ned7 Bc8 38. Nxb6 Rxb6 39. Rb2 Ng8 40.
Nxa6 Nf6 41. g5 1-0

[Event "Schachfestival Basel"]
[Site "Basel"]
[Date "2018.01.05"]
[Round "6.5"]
[White "Beukema, Stefan"]
[Black "Firat, Burak"]
[Result "1/2-1/2"]
[WhiteElo "2403"]
[BlackElo "2453"]
[PlyCount "73"]
[EventDate "2018.01.??"]
[EventType "swiss"]
[EventRounds "9"]
[EventCountry "SUI"]
[SourceDate "2018.01.02"]

1. e4 c5 2. Nf3 Nc6 3. d4 cxd4 4. Nxd4 e6 5. Nc3 Qc7 6. Be3 a6 7. Bd3 Nf6 8.
O-O Nxd4 9. Bxd4 Bc5 10. Bxc5 Qxc5 11. Qd2 b5 12. Rad1 Bb7 13. Rfe1 d6 14. a4
b4 15. Na2 a5 16. Bb5+ Ke7 17. c3 bxc3 18. Nxc3 Rhd8 19. Rc1 Qb4 20. Qe3 Kf8
21. Re2 Rac8 22. f3 d5 23. exd5 exd5 24. Na2 Rxc1+ 25. Nxc1 Qd6 26. Nb3 d4 27.
Qd2 h5 28. Nxa5 Ba8 29. Nc4 Qc5 30. Re5 Bd5 31. b4 Qc7 32. Re1 Bxc4 33. Rc1 d3
34. Bxc4 Qa7+ 35. Kf1 Qxa4 36. Bxd3 Qa7 37. Qc3 1/2-1/2

[Event "Schachfestival Basel"]
[Site "Basel"]
[Date "2018.01.05"]
[Round "6.6"]
[White "Woellermann, Jan"]
[Black "Faraone, Ettore"]
[Result "1-0"]
[WhiteElo "2392"]
[BlackElo "2079"]
[PlyCount "69"]
[EventDate "2018.01.??"]
[EventType "swiss"]
[EventRounds "9"]
[EventCountry "SUI"]
[SourceDate "2018.01.02"]

1. d4 Nf6 2. c4 g6 3. Nc3 Bg7 4. e4 d6 5. Nf3 O-O 6. Be2 e5 7. Be3 Nc6 8. d5
Ne7 9. Nd2 Ne8 10. b4 f5 11. f3 f4 12. Bf2 g5 13. c5 Ng6 14. Nc4 Rf7 15. cxd6
cxd6 16. Nb5 Nh4 17. O-O Nxg2 18. Kxg2 Qd7 19. Rh1 Qh3+ 20. Kg1 g4 21. Bf1 Qh5
22. Bg2 Rf6 23. Kf1 Rg6 24. Rc1 gxf3 25. Bxf3 Qh3+ 26. Ke1 Bg4 27. Rc3 Bxf3 28.
Qxf3 Qd7 29. a4 Bf8 30. Qh3 Rg4 31. Rg1 Rxg1+ 32. Bxg1 Qg7 33. Kf1 Nf6 34.
Ncxd6 Qg6 35. Qe6+ 1-0

[Event "Schachfestival Basel"]
[Site "Basel"]
[Date "2018.01.05"]
[Round "6.7"]
[White "Simon, Ralf Axel"]
[Black "Hamblok, Roel"]
[Result "0-1"]
[WhiteElo "2146"]
[BlackElo "2292"]
[PlyCount "65"]
[EventDate "2018.01.??"]
[EventType "swiss"]
[EventRounds "9"]
[EventCountry "SUI"]
[SourceDate "2018.01.02"]

1. Nf3 f5 2. c4 Nf6 3. Nc3 e6 4. Qc2 b6 5. e4 fxe4 6. Nxe4 Bb7 7. Bd3 Nc6 8. a3
Qe7 9. O-O O-O-O 10. b4 Nh5 11. Re1 g5 12. b5 Na5 13. Bb2 Bg7 14. Nd4 Nf4 15.
Bf1 g4 16. c5 Kb8 17. Rac1 Nd5 18. c6 dxc6 19. bxc6 Bc8 20. Qa4 Rhf8 21. Rc2
Rf7 22. Rb1 Rf4 23. d3 Ka8 24. g3 Rf7 25. Bg2 Qe8 26. Bc1 Bxd4 27. Qxd4 Nf4 28.
Nd6 Rxd6 29. Qxd6 Nxg2 30. Qe5 Nxc6 31. Qh5 Ne1 32. Rxc6 Qxc6 33. Qxf7 0-1

[Event "Schachfestival Basel"]
[Site "Basel"]
[Date "2018.01.05"]
[Round "6.8"]
[White "Biastoch, Bennet"]
[Black "Kappeler, Kaspar"]
[Result "1/2-1/2"]
[WhiteElo "2234"]
[BlackElo "2280"]
[PlyCount "62"]
[EventDate "2018.01.??"]
[EventType "swiss"]
[EventRounds "9"]
[EventCountry "SUI"]
[SourceDate "2018.01.02"]

1. e4 c5 2. Nf3 Nc6 3. d4 cxd4 4. Nxd4 Nf6 5. Nc3 e5 6. Ndb5 d6 7. Bg5 a6 8.
Na3 b5 9. Bxf6 gxf6 10. Nd5 Bg7 11. c3 f5 12. exf5 Bxf5 13. Nc2 Be6 14. Nce3
Ne7 15. a4 Nxd5 16. Nxd5 O-O 17. Be2 bxa4 18. Rxa4 a5 19. O-O Rb8 20. b3 f5 21.
Bc4 Kh8 22. Qh5 Bxd5 23. Bxd5 e4 24. Rxe4 Bxc3 25. Rh4 Qe7 26. Rh3 Bd4 27. Qd1
Qe5 28. Rxh7+ Kxh7 29. Qh5+ Kg7 30. Qg5+ Kh7 31. Qh5+ Kg7 1/2-1/2

[Event "Schachfestival Basel"]
[Site "Basel"]
[Date "2018.01.05"]
[Round "6.9"]
[White "Roseneck, Jonas"]
[Black "Beukema, Jasper"]
[Result "0-1"]
[WhiteElo "2279"]
[BlackElo "2249"]
[PlyCount "60"]
[EventDate "2018.01.??"]
[EventType "swiss"]
[EventRounds "9"]
[EventCountry "SUI"]
[SourceDate "2018.01.02"]

1. e4 e5 2. Nf3 Nc6 3. Bb5 Nge7 4. Nc3 d6 5. d4 a6 6. Bc4 Nxd4 7. Nxd4 exd4 8.
Qxd4 Nc6 9. Qd1 Be7 10. O-O Bf6 11. Nd5 O-O 12. Nxf6+ Qxf6 13. Re1 Re8 14. c3
Qg6 15. f3 Ne5 16. Bf1 Bd7 17. b3 Bc6 18. Be3 Rad8 19. c4 f5 20. f4 Ng4 21.
exf5 Qxf5 22. Bd3 Qh5 23. h3 Rxe3 24. Rxe3 Qc5 25. Bxh7+ Kh8 26. Qxg4 Qxe3+ 27.
Kh2 Kxh7 28. Qh4+ Kg6 29. Qxd8 Qxf4+ 30. Kg1 Qg3 0-1

[Event "Schachfestival Basel"]
[Site "Basel"]
[Date "2018.01.05"]
[Round "6.10"]
[White "Lee, Qing Aun"]
[Black "Yakimenko, Alexander A"]
[Result "1-0"]
[WhiteElo "2277"]
[BlackElo "2146"]
[PlyCount "79"]
[EventDate "2018.01.??"]
[EventType "swiss"]
[EventRounds "9"]
[EventCountry "SUI"]
[SourceDate "2018.01.02"]

1. e4 e6 2. d4 d5 3. Nd2 Nc6 4. Ngf3 Nf6 5. e5 Nd7 6. Bb5 Be7 7. c3 O-O 8. O-O
f6 9. exf6 Bxf6 10. Re1 Re8 11. Nb3 a5 12. Bf4 a4 13. Nc1 a3 14. b4 Na7 15. Bd3
Nf8 16. Qa4 Bd7 17. Qxa3 Nb5 18. Qb2 Nd6 19. Nb3 b6 20. Nbd2 b5 21. Nb3 Nc4 22.
Qc1 h6 23. Nc5 Bc6 24. Bc2 Nb6 25. Qd1 Ra3 26. Qd3 Nc4 27. Bb3 Qe7 28. Re2 g5
29. Be5 Qg7 30. Rae1 Re7 31. Bxf6 Qxf6 32. Ne5 Be8 33. Ng4 Qf4 34. Nxh6+ Kh8
35. Qh3 Rh7 36. Nxe6 Nxe6 37. Qxe6 Bf7 38. Nxf7+ Rxf7 39. Qh6+ Kg8 40. Qg6+ 1-0

[Event "Schachfestival Basel"]
[Site "Basel"]
[Date "2018.01.05"]
[Round "6.11"]
[White "Paul, Johannes"]
[Black "Parnali, S Dharia"]
[Result "1-0"]
[WhiteElo "2331"]
[BlackElo "2082"]
[PlyCount "125"]
[EventDate "2018.01.??"]
[EventType "swiss"]
[EventRounds "9"]
[EventCountry "SUI"]
[SourceDate "2018.01.02"]

1. d4 d5 2. c4 e6 3. Nc3 Nf6 4. cxd5 exd5 5. Bg5 Be7 6. e3 c6 7. Bd3 Nbd7 8.
Nge2 O-O 9. Qc2 Re8 10. O-O Ne4 11. Bf4 Ndf6 12. Nxe4 dxe4 13. Bxe4 Nxe4 14.
Qxe4 Qa5 15. Qc2 h5 16. e4 h4 17. h3 Qh5 18. f3 Be6 19. Rad1 Rad8 20. Bc7 Rd7
21. Be5 Red8 22. Kh1 f6 23. Bh2 Qf7 24. b3 a5 25. Rd3 Bd6 26. Bxd6 Rxd6 27.
Rfd1 a4 28. Nf4 axb3 29. axb3 Bc8 30. d5 Re8 31. Qc5 Qc7 32. Qc4 Kh7 33. b4 Qe7
34. b5 cxb5 35. Qxb5 Qe5 36. Ne2 f5 37. Rd4 f4 38. R4d2 Rf8 39. Qb2 Qh5 40. Ng1
Re8 41. Rc1 Rg6 42. Rc7 Rg3 43. Qc3 Rxe4 44. Rxc8 Re1 45. Qc2+ Rg6 46. d6 Qe5
47. Qc5 Qe3 48. Qxe3 fxe3 49. Re2 Rxe2 50. Nxe2 Rxd6 51. Rc3 Re6 52. Rb3 b6 53.
Kg1 g5 54. Kf1 Kg6 55. Nd4 Rd6 56. Rd3 Rd5 57. Ke2 Ra5 58. Kxe3 Re5+ 59. Kd2
Ra5 60. Rb3 Ra2+ 61. Nc2 Kf5 62. Rxb6 Kf4 63. Rb4+ 1-0

[Event "Schachfestival Basel"]
[Site "Basel"]
[Date "2018.01.05"]
[Round "6.12"]
[White "Karthik, Venkataraman"]
[Black "Leutwyler, Martin"]
[Result "1-0"]
[WhiteElo "2476"]
[BlackElo "2188"]
[PlyCount "41"]
[EventDate "2018.01.??"]
[EventType "swiss"]
[EventRounds "9"]
[EventCountry "SUI"]
[SourceDate "2018.01.02"]

1. e4 c6 2. Nc3 d5 3. Nf3 Bg4 4. h3 Bxf3 5. Qxf3 e6 6. Be2 Nd7 7. O-O g6 8. d4
Bg7 9. Rd1 Qb6 10. b3 Nh6 11. Bf4 f6 12. exd5 cxd5 13. Bb5 O-O-O 14. a4 Rde8
15. a5 Qd8 16. Nxd5 e5 17. dxe5 fxe5 18. Nb6+ axb6 19. a6 bxa6 20. Qa8+ Kc7 21.
Qa7+ 1-0

[Event "Schachfestival Basel"]
[Site "Basel"]
[Date "2018.01.05"]
[Round "6.13"]
[White "Petermann, Michail"]
[Black "Aeschbach, Philipp"]
[Result "0-1"]
[WhiteElo "2251"]
[BlackElo "2304"]
[PlyCount "138"]
[EventDate "2018.01.??"]
[EventType "swiss"]
[EventRounds "9"]
[EventCountry "SUI"]
[SourceDate "2018.01.02"]

1. d4 Nf6 2. Bf4 d5 3. e3 c5 4. c3 Nc6 5. Nd2 Bf5 6. Qb3 Qc8 7. Ngf3 e6 8. h3
Be7 9. Nh4 Be4 10. Nxe4 Nxe4 11. Nf3 c4 12. Qc2 b5 13. Nd2 Nxd2 14. Qxd2 Qd7
15. g4 Bd6 16. e4 dxe4 17. Bg2 f5 18. O-O-O O-O 19. gxf5 exf5 20. f3 b4 21.
Bxd6 Qxd6 22. fxe4 fxe4 23. Rhe1 bxc3 24. Qxc3 Nb4 25. Kb1 Nd5 26. Qxc4 Rfc8
27. Qe2 Rab8 28. Ka1 Qb4 29. Qd2 Qa4 30. Bxe4 Nb4 31. b3 Qa5 32. Rc1 Rc2 33.
Rxc2 Nxc2+ 34. Qxc2 Qxe1+ 35. Kb2 Rf8 36. Bxh7+ Kh8 37. Qc5 Qd2+ 38. Bc2 Rd8
39. Qh5+ Qh6 40. Qf5 Qh4 41. d5 Qf6+ 42. Qxf6 gxf6 43. Be4 Re8 44. Bf5 Re5 45.
Be6 Kg7 46. Kc3 Kf8 47. Kd4 Ke7 48. Bg4 Kd6 49. Bf3 f5 50. h4 Re1 51. h5 Ra1
52. h6 Rxa2 53. Ke3 Ke5 54. d6 f4+ 55. Kd3 Kxd6 56. Ke4 Rh2 57. Kxf4 Rxh6 58.
Be2 Kc5 59. Ke3 Rd6 60. Bc4 Kb4 61. Ke2 a5 62. Bf7 Rd7 63. Bg8 Kc3 64. Ke1 Kc2
65. Bc4 Re7+ 66. Kf2 Rb7 67. Ke2 Rxb3 68. Bxb3+ Kxb3 69. Kd2 Kb2 0-1

[Event "Schachfestival Basel"]
[Site "Basel"]
[Date "2018.01.05"]
[Round "6.14"]
[White "Heinemann, Josefine"]
[Black "Goldie, Thomas"]
[Result "1-0"]
[WhiteElo "2270"]
[BlackElo "2098"]
[PlyCount "63"]
[EventDate "2018.01.??"]
[EventType "swiss"]
[EventRounds "9"]
[EventCountry "SUI"]
[SourceDate "2018.01.02"]

1. e4 c5 2. Ne2 d6 3. g3 g6 4. Bg2 Bg7 5. O-O Nc6 6. c3 e5 7. d3 Nge7 8. Be3
O-O 9. a4 b6 10. d4 cxd4 11. cxd4 Ba6 12. d5 Nd4 13. Nbc3 Qd7 14. Re1 Nxe2+ 15.
Nxe2 Rfc8 16. Nc3 Rc7 17. Qd2 Rac8 18. Rec1 Kf8 19. b3 Ng8 20. a5 b5 21. Na2
Rxc1+ 22. Rxc1 Rxc1+ 23. Qxc1 Ne7 24. Nb4 Bc8 25. a6 Bf6 26. Bf1 h5 27. Qc2 h4
28. Qd3 hxg3 29. hxg3 Qc7 30. Qxb5 Qc3 31. Bxa7 Qxb3 32. Bb8 1-0

[Event "Schachfestival Basel"]
[Site "Basel"]
[Date "2018.01.05"]
[Round "6.15"]
[White "Maerevoet, Sim"]
[Black "Fischer, Daniel"]
[Result "1-0"]
[WhiteElo "2270"]
[BlackElo "2123"]
[PlyCount "95"]
[EventDate "2018.01.??"]
[EventType "swiss"]
[EventRounds "9"]
[EventCountry "SUI"]
[SourceDate "2018.01.02"]

1. d4 Nf6 2. c4 e6 3. Nf3 d5 4. Nc3 Be7 5. Bf4 O-O 6. e3 b6 7. Qc2 c5 8. dxc5
bxc5 9. Rd1 Bb7 10. Be2 Nbd7 11. O-O Rc8 12. Ne5 Nb6 13. Rd2 Bd6 14. Rfd1 Qe7
15. b3 Rfd8 16. Bf3 Ba8 17. cxd5 exd5 18. Qf5 h6 19. Ng4 Nxg4 20. Qxg4 Qe6 21.
Bxd6 Rxd6 22. Qf4 f5 23. h4 Bc6 24. b4 cxb4 25. Qxb4 Ba8 26. Rd4 Rcd8 27. Ne2
Qe5 28. h5 Nc8 29. Nf4 Ne7 30. Qc5 R6d7 31. Ra4 Rc8 32. Qd4 Qxd4 33. Raxd4 Rcd8
34. Rc1 Kf7 35. Rc5 Rd6 36. Rc7 R8d7 37. Rxd7 Rxd7 38. Rb4 Rd6 39. Rb8 Bc6 40.
Bd1 Rd7 41. Bb3 Bb7 42. Nd3 Rc7 43. Rd8 Ke6 44. Nf4+ Ke5 45. Rf8 d4 46. Rf7
dxe3 47. fxe3 Ke4 48. Kf2 1-0

[Event "Schachfestival Basel"]
[Site "Basel"]
[Date "2018.01.05"]
[Round "6.16"]
[White "Wenner, Tobias"]
[Black "Haenggi, Markus"]
[Result "1-0"]
[WhiteElo "2145"]
[BlackElo "2065"]
[PlyCount "49"]
[EventDate "2018.01.??"]
[EventType "swiss"]
[EventRounds "9"]
[EventCountry "SUI"]
[SourceDate "2018.01.02"]

1. Nf3 d5 2. g3 Nf6 3. Bg2 Bg4 4. d4 e6 5. O-O Nbd7 6. Nbd2 c6 7. Re1 Bd6 8. e4
Nxe4 9. Nxe4 dxe4 10. Rxe4 Nf6 11. Re1 Qb6 12. c3 h5 13. Qb3 Qc7 14. Ne5 O-O-O
15. Nc4 Nd5 16. Nxd6+ Qxd6 17. c4 Ne7 18. Bf4 Qd7 19. h3 Bf5 20. Rad1 b6 21.
Qa4 Kb7 22. b4 a6 23. b5 axb5 24. cxb5 Nd5 25. Qa6# 1-0

[Event "Schachfestival Basel"]
[Site "Basel"]
[Date "2018.01.05"]
[Round "6.17"]
[White "Meier, Volker"]
[Black "Terraz, Christian"]
[Result "1-0"]
[WhiteElo "2284"]
[BlackElo "2075"]
[PlyCount "69"]
[EventDate "2018.01.??"]
[EventType "swiss"]
[EventRounds "9"]
[EventCountry "SUI"]
[SourceDate "2018.01.02"]

1. c4 e5 2. Nc3 Nc6 3. g3 Nf6 4. Bg2 Be7 5. d3 O-O 6. Nf3 d5 7. cxd5 Nxd5 8.
O-O Nb6 9. a3 f5 10. b4 a6 11. Bb2 Be6 12. Rc1 Bf6 13. Nd2 Qe8 14. Na4 Nxa4 15.
Qxa4 Bd7 16. Qd1 Rc8 17. Nb3 b6 18. Qc2 e4 19. Bxf6 Rxf6 20. dxe4 Qh5 21. exf5
Ne5 22. Nd4 c5 23. Qe4 Nf7 24. bxc5 bxc5 25. g4 Qh6 26. Qb7 Rd6 27. Ne6 Bxe6
28. fxe6 Qxe6 29. h3 c4 30. Rfd1 Rxd1+ 31. Rxd1 Rf8 32. e3 Qf6 33. Qc6 Qh4 34.
Qxc4 h5 35. Rd7 1-0

[Event "Schachfestival Basel"]
[Site "Basel"]
[Date "2018.01.05"]
[Round "6.18"]
[White "Schwander, Lukas"]
[Black "Schweizer, Simon"]
[Result "1/2-1/2"]
[WhiteElo "2135"]
[BlackElo "2159"]
[PlyCount "67"]
[EventDate "2018.01.??"]
[EventType "swiss"]
[EventRounds "9"]
[EventCountry "SUI"]
[SourceDate "2018.01.02"]

1. Nf3 c5 2. c4 Nc6 3. Nc3 g6 4. e3 Bg7 5. d4 d6 6. dxc5 Bxc3+ 7. bxc3 dxc5 8.
Qc2 e5 9. Be2 f6 10. O-O Bf5 11. e4 Be6 12. Rd1 Qc7 13. Nd2 Na5 14. Nf1 Ne7 15.
Ne3 O-O 16. Nd5 Nxd5 17. cxd5 Bd7 18. c4 b6 19. Rf1 g5 20. a4 h6 21. Bd3 Rae8
22. Ra3 Nb7 23. Bd2 a5 24. Qd1 Nd6 25. h4 Kg7 26. f3 Nf7 27. h5 Rb8 28. g4 Nd6
29. Bc3 Bc8 30. Qb3 Rd8 31. Ra2 Bd7 32. Rb1 Be8 33. Rab2 Qa7 34. Bd2 1/2-1/2